000 01490nam2a22002651 4500
001 v19\rc\1983508
005 20251118181212.0
035 _a(NLR Aleph) 005066372
090 _a7049388
_c7049388
100 _a20080623d1915 u y0rusy50 ca
101 0 _arus
102 _aRU
105 _ay z |||||
200 0 _a... за 1914 г.
210 _d1915
215 _a150, 128, III с.
461 0 _1001v19\rc\1983506
_12001#$aОтчет по оказанию агрономической помощи в районах землеустройства Харьковской губернии...$fСост. зав. агр. помощью в районах землеустройства Харьк. губ. П.А. Себряковым$v... за 1914 г.
_1700#1$aСебряков$bП.А.$f1881-$gПавел Алексеевич$4220
_97049370
_aСебряков, П.А. (1881-)
_cХарьков
_d1914-1915
_fСост. зав. агр. помощью в районах землеустройства Харьк. губ. П.А. Себряковым
_nтип. Губ. правл.
_p2 т.
_tОтчет по оказанию агрономической помощи в районах землеустройства Харьковской губернии...
_v... за 1914 г.
801 0 _aRU
_bNLR
_gpsbo
801 0 _aRU
_bRuMoRGB
_2psbo
801 1 _aRU
_bProSoft-M
_2rusmarc
852 _aNLR
_j17.158.6.61(2)
899 _aRuMoRGB
_jU 227/6
899 _aRuMoRGB
_jV 48/121
942 _cBOOK
980 _aNB